000 00724nam a2200265Ia 4500
001 Para_4790
003 CHAP
008 220125s1959 xx 000 0 und d
010 _a203244
040 _cCHAP
090 _aPA FOLLETO 2192
100 _aColberg, Waynne J
_924606
245 _aOnion maggots /
_c Wayne J. Colberg
260 _aFargo, N. D. :
_b Agricultural College
300 _a1 hoja desplegable
440 _aNorth Dakota. Ext. Service Circular; A-304
_9168929
650 _aCebolla
_x Plagas
_920793
901 _aPA FOLLETO 2192
902 _aA
905 _a0000001959 FAR 0000000000 00
910 _a1959
942 _cPARA
942 _cPARA
_d1
999 _c203244
_d203244